|
|
|
|
| LEADER |
00000nam0a2200000 4500 |
| 001 |
144763 |
| 005 |
20231031143811.0 |
| 029 |
1 |
0 |
|a RU
|b 50-601-39-93
|c Р
|
| 035 |
|
|
|a (RuTPU)RU\TPU\book\156897
|
| 035 |
|
|
|a RU\TPU\book\156885
|
| 090 |
|
|
|a 144763
|
| 100 |
|
|
|a 20081008d1993 k a0rusy50 ca
|
| 101 |
0 |
|
|a rus
|
| 102 |
|
|
|a RU
|
| 105 |
|
|
|a y l 000zy
|
| 200 |
1 |
|
|a Выбор и установление в нормативных документах требований к средствам, обеспечивающим защиту жизни и зоровья потребителей. Рекомендации Р 50-601-39-93
|f Всероссийский научно-исследовательский институт сертификации (ВНИИС)
|
| 210 |
|
|
|a Москва
|c ВНИИС
|d 1993
|
| 215 |
|
|
|a 17 с.
|
| 225 |
1 |
|
|a Рекомендации
|
| 229 |
|
|
|a Введены в действие приказом по ВНИИС от 28 мая 1993 г. № 66. Введены впервые
|
| 610 |
1 |
|
|a рекомендации
|
| 610 |
1 |
|
|a выбор
|
| 610 |
1 |
|
|a установление
|
| 610 |
1 |
|
|a нормативные документы
|
| 610 |
1 |
|
|a обеспечение
|
| 610 |
1 |
|
|a здоровье
|
| 610 |
1 |
|
|a потребители
|
| 610 |
1 |
|
|a жизнь
|
| 610 |
1 |
|
|a безопасность
|
| 610 |
1 |
|
|a продукция
|
| 610 |
1 |
|
|a процессы
|
| 610 |
1 |
|
|a работы
|
| 610 |
1 |
|
|a услуги
|
| 675 |
|
|
|a 658(083)
|v 3
|
| 712 |
0 |
2 |
|a Всероссийский научно-исследовательский институт сертификации (ВНИИС)
|c (Москва)
|2 stltpush
|3 (RuTPU)RU\TPU\col\35
|
| 801 |
|
1 |
|a RU
|b 63413507
|c 20080619
|g PSBO
|
| 801 |
|
2 |
|a RU
|b 63413507
|c 20221207
|g PSBO
|
| 942 |
|
|
|c BK
|